| 000 | 00397nam a22001337a 4500 | ||
|---|---|---|---|
| 082 |
_a290 _bMAN |
||
| 100 | _aDr. Muhammad Mushtaq Ahmad Mangat | ||
| 245 |
_aBani Israel sey Israel tak: teen mazahab ka markaz/ _cDr. Muhammad Mushtaq Ahmad Mangat |
||
| 260 |
_aLahore: _bAasim publications; _c2021. |
||
| 300 | _a83p. | ||
| 563 | _aPB | ||
| 650 |
_aBani Israel, _9118572 |
||
| 942 |
_2ddc _cBK |
||
| 999 |
_c606776 _d606776 |
||